01338nam a2200313Ia 4500003000900000005001700009008004100026040003800067041000800105084001100113100004200124245030300166260002900469260000900498300002600507336002900533337003200562338002800594502009900622650002600721650004500747650003100792650002300823650002000846650001900866650004400885700004000929856005500969gtgcusco20250220143444.0250122t2010||||xx |||||||||||||| ||spa|| agtgcuscobspacgtgcuscodgtgcusco aspa aT 2409 aParedes Mijangos, Bárbara Stephanie 0aEvaluación del conocimiento teórico sobre situaciones de emergencia médica en el consultorio dental y la disponibilidad de materiales y equipo necesarios para odontólogos de la región (Escuintla, Chimaltenango y Sacatepéquez) en el año 2006. /cBárbara Stephanie Paredes Mijangos.-- aGuatemala :bUSAC,c2010 c2010 a77p. :bil. ;c28 cm. 2rdacontenidoatextobtxt 2rdamedioasin mediciónbn 2rdasoporteavolumenbnc aTesis (Cirujano Dentista) -- Universidad de San Carlos de Guatemala, Facultad de Odontología aMedicina de urgencias02aOdontología-tratamiento-complicaciones02aAsistencia en emergencias 02aPrimeros auxilios 02aResucitación 02a Reanimación02aOdontología - Aparatos e instrumentos aBarreda Muralles, Edgar Guillermo  uhttp://www.repositorio.usac.edu.gt/id/eprint/12250